[Event "Porto San Giorgio op 20th"]
[Site "Porto San Giorgio"]
[Date "2008.08.29"]
[Round "9"]
[White "Kizov, Atanas"]
[Black "Dann, Timothy"]
[Result "1-0"]
[WhiteElo "2426"]
[BlackElo "2137"]
[PlyCount "65"]
[EventDate "2008.08.21"]
[EventType "swiss"]
[EventRounds "9"]
[EventCountry "ITA"]
[SourceTitle "CBM 126 Extra"]
[Source "ChessBase"]
[SourceDate "2008.11.05"]
[SourceVersion "1"]
[SourceVersionDate "2008.11.05"]
[SourceQuality "1"]

1. d4 Nf6 2. c4 e6 3. Nf3 b6 4. Nc3 Bb7 5. a3 d5 6. Bg5 Be7 7. Bxf6 Bxf6 8. cxd5 exd5 9. Qa4+ Qd7 10. Qc2 0-0 11. Rd1 Re8 12. e3 h6 13. g3 a5 14. Bg2 Ba6 15. Ne2 Qb5 16. Rd2 Ra7 17. 0-0 c5 18. Rfd1 c4 19. Nc3 Qd7 20. Ne5 Qd6 21. Nxd5 b5 22. Nxf6+ Qxf6 23. f4 Nd7 24. Nxd7 Rxd7 25. e4 Qb6 26. Kh1 b4 27. axb4 axb4 28. d5 Red8 29. e5 Qc5 30. d6 Bb5 31. Rd5 Qb6 32. Qd2 Ra7 33. Qxb4 1-0

[Event "Porto San Giorgio op 20th"]
[Site "Porto San Giorgio"]
[Date "2008.08.27"]
[Round "7"]
[White "Dann, Timothy"]
[Black "Lucchi, Lorenzo"]
[Result "1-0"]
[WhiteElo "2137"]
[BlackElo "2051"]
[PlyCount "47"]
[EventDate "2008.08.21"]
[EventType "swiss"]
[EventRounds "9"]
[EventCountry "ITA"]
[SourceTitle "CBM 126 Extra"]
[Source "ChessBase"]
[SourceDate "2008.11.05"]
[SourceVersion "1"]
[SourceVersionDate "2008.11.05"]
[SourceQuality "1"]

1. e4 d6 2. d4 Nf6 3. Nc3 e5 4. Nf3 exd4 5. Nxd4 Nc6 6. Be2 g6 7. Be3 Bg7 8. f4 0-0 9. 0-0 Re8 10. Bf3 Ng4 11. Bxg4 Bxg4 12. Qd2 Bd7 13. Rae1 Qf6 14. Nf3 Bg4 15. Kh1 Bxf3 16. Rxf3 Qe6 17. f5 Qe5 18. Nd5 Qxe4 19. Nxc7 Nd4 20. Rf4 Qxc2 21. Nxe8 Qxd2 22. Bxd2 Be5 23. Rxd4 Bxd4 24. Nxd6 1-0

[Event "Porto San Giorgio op 20th"]
[Site "Porto San Giorgio"]
[Date "2008.08.24"]
[Round "4"]
[White "Bontempi, Piero"]
[Black "Dann, Timothy"]
[Result "1-0"]
[WhiteElo "2374"]
[BlackElo "2137"]
[PlyCount "57"]
[EventDate "2008.08.21"]
[EventType "swiss"]
[EventRounds "9"]
[EventCountry "ITA"]
[SourceTitle "CBM 126 Extra"]
[Source "ChessBase"]
[SourceDate "2008.11.05"]
[SourceVersion "1"]
[SourceVersionDate "2008.11.05"]
[SourceQuality "1"]

1. e4 e5 2. Nf3 Nc6 3. d4 exd4 4. Nxd4 Nf6 5. Nxc6 bxc6 6. Bd3 h6 7. e5 Nd5 8. c4 Nb6 9. 0-0 Qh4 10. Re1 Bc5 11. Qf3 a5 12. Nc3 Bb4 13. c5 Bxc3 14. Re4 Qe7 15. cxb6 Bb4 16. bxc7 Ra7 17. Rg4 g5 18. h4 Rg8 19. hxg5 hxg5 20. Qg3 Rxc7 21. Bxg5 Qf8 22. e6 d6 23. exf7+ Qxf7 24. Rf4 Qd5 25. Qe3+ Be6 26. Bc4 Qe5 27. Re4 Qxg5 28. Rxe6+ Kd8 29. Re8+ 1-0